000 00617nam a2200253Ia 4500
005 20260123164117.0
008 008 260114s9999 xx 000 0 eng d
020 _a9789390544585
037 _aEBOOK
040 _aCRL
040 _beng
040 _cCRL
041 _2eng
041 _aeng
084 _qCRL
100 _aPATRANABIS, D., Patranabis, D.
_91106038
245 0 _aSENSORS AND TRANSDUCERS - SECOND EDITION
260 _bPHI
260 _c2024
856 _uhttps://elibrary.phindia.com/ebooks/reader/9789390544585du
942 _cEBOOK
999 _c1671161
_d1671161